000 00354nam a2200145Ia 4500
008 230917s9999||||xx |||||||||||||| ||und||
040 _e78790
_aMAIN
041 _aEnglish
082 _a341.2 G959I
100 _aGupta, Sant Prasad
245 0 _aInternational organisation
260 _aDelhi
_bPioneer Books
_c1997
300 _ax, 225 p.
942 _cBK
999 _c98236
_d98236